Normal view
MARC view
- التصوف الاسلامي - الصوفيون - الاسلام
Entry Topical Term
001 - CONTROL NUMBER
- control field: 56908
003 - CONTROL NUMBER IDENTIFIER
- control field: JO-AjAnu
005 - DATE AND TIME OF LATEST TRANSACTION
- control field: 20230606083325.0
008 - FIXED-LENGTH DATA ELEMENTS
- fixed length control field: 230606|| aca||aabn | a|a d
040 ## - CATALOGING SOURCE
- Original cataloging agency: JO-AjAnu
- Transcribing agency: JO-AjAnu
150 ## - HEADING--TOPICAL TERM
- Topical term or geographic name entry element: التصوف الاسلامي - الصوفيون - الاسلام
670 ## - SOURCE DATA FOUND
- Source citation: Work cat.: (JO-AjAnu)29038: تاليف الردايدة، أحمد حسن شحادة, author 56907, صفحات مطوية في التصوف الاسلامي الشريف السني الحسني الشيخ أحمد بن مصطفى بن عليوه(العلاوي)